Vista normal Vista MARC

Entrada Materia (personas)

Número de registros utilizados en: 1

001 - CONTROL NUMBER

  • control field: 179736

003 - CONTROL NUMBER IDENTIFIER

  • control field: Co-BoUCM

005 - DATE AND TIME OF LATEST TRANSACTION

  • control field: 20240116114419.0

008 - FIXED-LENGTH DATA ELEMENTS

  • fixed length control field: 240116|| aca||aabn | a|a d

040 ## - CATALOGING SOURCE

  • Original cataloging agency: Co-BoUCM
  • Transcribing agency: Co-BoUCM

100 ## - HEADING--PERSONAL NAME

  • Personal name: Santos Montejo, Gustavo
  • Dates associated with a name: 1892-1968

670 ## - SOURCE DATA FOUND

  • Source citation: Work cat.: (Co-BoUCM): Santos, Eduardo 1888-1974 2857, Periodismo , 1936